000 00455nam a2200169Ia 4500
008 240729s9999 xx 000 0 und d
022 _a1687-8868
245 0 _aInternational Journal of Geophysics
260 _aUnited Kingdom
260 _bHindawi Limited
650 _a Geophysics. Cosmic physics
650 _a Physics
650 _aScience
856 _uhttps://doaj.org/toc/f37335989e5b4565abda8d5b5e799a13
942 _2ddc
942 _cDOAJEJ
999 _c70228
_d70228
945 _a1
_bMadushi Gamage
_c1
_dMadushi Gamage